The business of talk : organizations in action
Saved in:
| Main Author: | |
|---|---|
| Format: | Book |
| Language: | English |
| Published: |
London :
Polity Press,
c1994
|
| Subjects: | |
| Tags: |
Add Tag
No Tags, Be the first to tag this record!
|
MARC
| LEADER | 00000cam a2200000 i 4500 | ||
|---|---|---|---|
| 001 | 1/26458 | ||
| 008 | 981217s1994 eng d | ||
| 020 | |a 0-7456-1356-X | ||
| 035 | |l 10037584 | ||
| 040 | |a GR-MY-UA |b gre |e aacr | ||
| 041 | 0 | |a eng | |
| 082 | 0 | |a 302.35 | |
| 100 | 1 | |a Boden, Deirdre. | |
| 245 | 1 | 4 | |a The business of talk : |b organizations in action / |c Deirdre Boden |
| 260 | |a London : |b Polity Press, |c c1994 | ||
| 300 | |a 272 p. | ||
| 504 | |a Includes bibliographical references and index | ||
| 650 | 0 | 0 | |a Communication in organizations. |
| 650 | 0 | 0 | |a Organizational behavior. |
| 852 | |a INST |b LESVOS |e 19981217 |h 302.35 BOD |p 005100021478 |q 005100021478 |t BK |y 0 | ||
| 901 | |a BIBL1-2000-1 | ||
| 909 | |a Λ |b 061070 | ||
| 922 | |a 1ΕΛΗ |b 199811 |c ΚΠΣ/ΤΚ |d Παπασωτηρίου | ||
| 950 | |a 103-1998-07-27 | ||
| 970 | |a Τζαφέρη |b Ευαγγελία |z 2000/02/23 | ||